| 000 | 00683nam a2200229 a 4500 | ||
|---|---|---|---|
| 005 | 20240228063837.0 | ||
| 008 | 010518s2000 mx r 000 0 spa d | ||
| 020 | _a9681660811 | ||
| 035 | _aUPN01000106397 | ||
| 049 | _aI | ||
| 050 | 4 |
_aPZ71 _bC3.6 |
|
| 100 | 1 | _aCantin, Marc | |
| 245 | 1 | 0 |
_aPrincesa Ana / _cMarc Cantin ; il. Martin Jarrie. |
| 260 |
_aMéxico : _bFCE, _c2000. |
||
| 300 |
_a[30] p. : _bprincipalmente il. col. |
||
| 440 | 4 | _aLos especiales de a la orilla del viento | |
| 534 |
_pTraducción de: _tPrincesse Anna |
||
| 650 | 4 |
_aCuentos infantiles _96744 |
|
| 650 | 4 |
_aLibros y lectura para niños _92290 |
|
| 700 | 1 |
_aJarrie, Martin, _eil. |
|
| 905 | _aInfantil | ||
| 999 |
_c80309 _d80309 |
||